[Event "VIE-ch U11"]
[Site "Ho Chi Minh City"]
[Date "2014.07.17"]
[Round "7"]
[White "Nguyen, Anh Phuc"]
[Black "Le, Minh Kha"]
[Result "0-1"]
[WhiteElo "1936"]
[BlackElo "1971"]
[PlyCount "56"]
[EventDate "2014.07.13"]
[EventType "swiss"]
[EventRounds "9"]
[EventCountry "VIE"]
[SourceTitle "EXT 2016"]
[Source "ChessBase"]
[SourceDate "2015.10.08"]
[SourceVersion "1"]
[SourceVersionDate "2015.10.08"]
[SourceQuality "1"]

1. e4 e5 2. Nf3 Nc6 3. d4 Bd6 4. dxe5 Nxe5 5. Nxe5 Bxe5 6. Bc4 Nf6 7. Nc3 0-0 8. Bg5 Qe8 9. Bxf6 Bxf6 10. Bd3 Bxc3+ 11. bxc3 d5 12. f3 f5 13. Qe2 fxe4 14. fxe4 dxe4 15. Bc4+ Kh8 16. Rf1 Rxf1+ 17. Kxf1 b6 18. Bd5 c6 19. Qxe4 Ba6+ 20. Kg1 cxd5 21. Qxd5 Qe3+ 22. Kh1 Re8 23. h3 Qxc3 24. Rc1 Re1+ 25. Kh2 Qc7+ 26. g3 Rxc1 27. Qe4 Qxc2+ 28. Qxc2 Rxc2+ 0-1